History Quiz

Random History or Art Quiz

Hands in Art Quiz Stats

 Plays Quiz Updated Mar 20, 2018

Score 0/16 Timer 04:00
2 Plays Today
% Correct
The Thinker
96.3%
Creation of Adam
92.1%
Tutankhamun
91.2%
Drawing Hands
91.1%
Cave of the Hands
90.6%
Abraham Lincoln
90.5%
American Gothic
87.6%
David
85.6%
% Correct
Little Dancer
83.1%
Guernica
80.1%
Death of Escobar
78.8%
Adele Bloch-Bauer
77.6%
Dance
71%
Arnolfini Portrait
70.4%
Death of Marat
67.6%
Las Meninas
64.7%

You're not logged in!

Compare scores with friends on all Sporcle quizzes.
OR
Log In

Sporcle TV

Today on Sporcle TV


Watch our educational content, quiz creation guides, and fun videos on Sporcle TV.

Show Comments

Extras

Top Quizzes Today


Score Distribution

Your Account Isn't Verified!

In order to create a playlist on Sporcle, you need to verify the email address you used during registration. Go to your Sporcle Settings to finish the process.

Report this User

Report this user for behavior that violates our Community Guidelines.

Details: